Agricultura orgánica : experiencias de cultivo ecologico en la argentina /
Guardado en:
| Autor Principal: | |
|---|---|
| Otros Autores: | |
| Formato: | Libro |
| Publicado: |
Buenos Aires :
Planeta Tierra,
1992
|
| Series: | Eco Agro
|
| Materias: | |
| Etiquetas: |
Agregar Etiqueta
Sin Etiquetas, Sea el primero en etiquetar este registro!
|
| LEADER | 02150nam a22002175a 4500 | ||
|---|---|---|---|
| 001 | CEM.cems016756 | ||
| 005 | 20140226083430.0 | ||
| 008 | 130507s1992##################000#0#####d | ||
| 003 | CEMS | ||
| 020 | |a 950742248X | ||
| 082 | 0 | 4 | |a 635 |
| 100 | 1 | |a Schnitman, Guillermo | |
| 245 | 1 | 0 | |a Agricultura orgánica : |b experiencias de cultivo ecologico en la argentina / |c Compilado Por Guillermo Schnitman y Pipo Lernoud |
| 260 | |a Buenos Aires : |b Planeta Tierra, |c 1992 | ||
| 300 | |a 352 p. | ||
| 490 | 0 | |a Eco Agro | |
| 505 | 0 | |a El suelo viviente -- El suelo, un organismo viviente -- La biología del suelo -- El suelo, un enfoque práctico -- Lombrices -- Plantas indicadoras -- Fertilidad y abonos -- Compost en la huerta (abono compuesto) -- El acolchado -- Abonos verdes y praderas -- Praderas permanentes -- Métodos de la naturaleza para manejar el suelo -- La huerta -- Primeros pasos en la huerta -- Cultivo sobre camas altas -- Calendario de siembra -- Profundidad de las raíces y clasificación según tolerancia al trasplante -- Requerimiento y rendimientos de hortalizas -- Influencia de la luna en los cultivos -- Asociaciones favorables y desfavorables -- Manejo ecológico de plagas y enfermedades -- Los agentes del control biológico de plagas -- Cultivos -- La acelga -- El ajo -- La arveja -- La bardana -- La batata -- El berro -- El daikon -- La espinaca -- La lechuga -- El tomate -- La zanahoria -- De la huerta a la cocina -- El baldío es un huerto -- Encurtidos y conservas caseras -- Elaboración de queso -- Pan integral -- Tofu -- Las plantas medicinales -- Hierbas para la salud y la belleza -- Criar un árbol -- Visión orgánica del mundo -- Diversidad vs. monocultivo -- Comiéndose el mundo -- Regreso al Edén -- Permacultura -- Hacia dónde va la agricultura? -- Volvemos nativos -- Test: Dónde esta usted parado? -- Prpuesta de normas para la agricultura orgánica argentina -- Lista de productos y materiales -- Resolución sobre agricultura orgánica en la Argentina | |
| 653 | |a Agricultura | ||
| 653 | |a Agricultura orgánica | ||
| 700 | 1 | |a Lernoud, Pipo | |
| 859 | |a CEMS |b BIB. CEMS - Agricultura |h 635 |i Sch59 |p A17192.93 |t Ej.1 | ||
